Historia de los heterodoxos españoles
Wedi'i Gadw mewn:
| Prif Awdur: | |
|---|---|
| Fformat: | Llyfr |
| Iaith: | Sbaeneg |
| Cyhoeddwyd: |
Madrid
BAC
1978
|
| Rhifyn: | 3a. ed |
| Cyfres: | Biblioteca de Autores Cristianos, 150, 151
|
| Pynciau: | |
| Tagiau: |
Ychwanegu Tag
Dim Tagiau, Byddwch y cyntaf i dagio'r cofnod hwn!
|
MARC
| LEADER | 00000nam a2200000 a 4500 | ||
|---|---|---|---|
| 001 | UCM9944 | ||
| 003 | CL-VaPUC | ||
| 008 | 030530e19780000SP |||||||||||||||||spa|d | ||
| 082 | 0 | 4 | |a 274.6 |b MEN |2 21 |
| 100 | |a Menéndez y Pelayo, Marcelino |e autor |9 478094 | ||
| 245 | 1 | 0 | |a Historia de los heterodoxos españoles |
| 250 | |a 3a. ed | ||
| 300 | |a v | ||
| 942 | |c BK | ||
| 945 | |d 20030530 00:00:00 |a cmena | ||
| 260 | |a Madrid |b BAC |c 1978 | ||
| 500 | |a v.1: España romana y visigoda. Período de la Reconquista. Erasmistas y protestantes | ||
| 500 | |a v.2: Protestantismo y sectas místicas. Regalismo y Enciclopedia. Heterodoxia en el siglo XIX | ||
| 650 | 7 | |a HISTORIA DE LA IGLESIA ESPAÑOLA |2 CL-VaPUC |9 476614 | |
| 650 | 7 | |a HISTORIA POLITICA ESPAÑOLA |2 CL-VaPUC |9 476615 | |
| 650 | 0 | |a Creencias religiosas |9 373391 | |
| 583 | |a last modification |c 20030530 00:00:00 |k Rodrigo Vera | ||
| 490 | 0 | |a Biblioteca de Autores Cristianos, 150, 151 | |
| 999 | |c 304016 |d 304014 | ||
| 952 | |0 0 |1 0 |4 0 |6 274_600000000000000_MEN_1978 |7 0 |8 DER_HIS |9 365746 |a BIBDER |b BIBDER |d 2019-11-21 |h v.1 |i 3903842 |o 274.6 MEN 1978 |p 3903842 |r 2023-01-25 |w 2019-11-21 |x Ubicación 4to Piso |y BK |z Estos recursos deben solicitarse con anticipación |k DER | ||
| 952 | |0 0 |1 0 |4 0 |6 274_600000000000000_MEN_1978 |7 0 |8 DER_HIS |9 365747 |a BIBDER |b BIBDER |d 2019-11-21 |h v.2 |i 3903850 |o 274.6 MEN 1978 |p 3903850 |r 2023-01-25 |w 2019-11-21 |x Ubicación 4to Piso |y BK |z Estos recursos deben solicitarse con anticipación |k DER | ||